00925 2200289 4500001002100000005001500021035002000036007000300056008004100059040002200100082001700122084001900139090002300158100004100181245011700222300002800339650003300367850001200400041000800412505004100420264005600461336002100517337003000538338002300568546002400591990002000615INLIS00000000085349120191204123918 a0010-1219000177ta191204s2015 jii g p | d aYOPDYOGbinderda04223a899.2221 a899.2221 AMA s aBTR 899.2221 AMA s0 aAmang PramoesoedirdjocKiePengarang1 aSasmitaning kahanan :bmiyak wadi panjebluging Ardi Kelud lan kumambanging watu Akik /cKi Amang Pramoesoedirdjo aii, 44 halaman ;c21 cm 4aKesusastraan Jawa--vTembang aYOPDYOG0 ajav aBuku berisi kumpulan tembang macapat31a[Blitar] :b[penerbit tidak teridentifikasi],c2015 2rdacontentateks 2rdamediaatanpa perantara 2rdacarrieravolume aTeks berbahasa Jawa a65226-PD/A.2019